000
00581cam a2200217 i 4500
999
_c
6928
_d
6928
020
_a
9789864061419
_c
NT320
100
1
_a
大師兄
245
1
0
_a
你好,我是接體員 /
_c
大師兄著
250
_a
初版
260
_a
臺北市 :
_b
寶瓶文化 ,
_c
2018.12.
300
_a
252面 :
_b
圖 ;
_c
21公分
490
1
_a
Vision ;
_v
169.
942
_2
ccl
_c
BOOK